000 00440nam a22001577a 4500
003 OSt
005 20160919093336.0
008 160919b xxu||||| |||| 00| 0 eng d
020 _a9780135014639
040 _cN/A
100 _aRichard .D.Bucher.... [at al]
245 _aDiversity Consciousness
_bOpening our mind to people,cultures and opportunities
250 _a3rd ed
260 _aNewJersey
_bPrentice Hall
_c2010
942 _2lcc
_cBK
999 _c255210
_d255209